000 00421pab a2200169 454500
008 180718b2014 xxu||||| |||| 00| 0 eng d
100 _aSugimoto, Yoshio
245 _aJapanese society: Inside out and outside in
260 _c2014
300 _ap.191-208.
362 _aMay
650 _aSocial systems - Japan
650 _aSocial systems
773 _aInternational Sociology
908 _aN
909 _a104211
999 _c104207
_d104207